000 01406nam a2200325 i 4500
003 EG-GICUC
005 20260121101436.0
008 251206s1997 ua ||||fr|||| 00| 0 ara d
040 _a EG-GICUC
_bara
_c EG-GICUC
_d EG-GICUC
_erda
041 0 _aara
082 0 4 _221
_a343.2
_bع ب . ق
092 0 4 _221
099 _aLaw1 10 343.2 ع ب . ق 1997
100 0 _aعبد الرحيم صدقى
_eمؤلف.
245 1 0 _aقانون العقوبات القسم الخاص :
_bجرائم الاعتداء على الأموال في الفكر المصري والفرنسي /
_cالدكتور عبد الرحيم صدقى.
246 1 4 _aموسوعة صدق في القانون الجناني جرائم الإعتداء على الأموال.
250 _aطبعة مزيدة ومنفحة
264 1 _a{دون مكان نشر} :
_b{دون دار نشر}،
_c1997.
300 _a273 صفحة ؛
_c24 سم.
336 _2rda content
_atext
337 _2rda media
_aComputer
338 _2rda carrier
_aOnline Resource
500 _aدراسة تأصيلية على ضوء التشريع. والفقه والقضاء
546 _aالنص باللغة العربية
650 1 4 _aقانون العقوبات القسم الخاص
650 1 4 _aالقانون الجنائي
856 4 0 _uhttps://fll.law.cu.edu.eg/fulltext/bks/B10-05446.pdf
905 _a77
_eHassnaa
942 _2ddc
_cBK
_e21
_n0
999 _c48790
_d48790